01109nam a2200193Ia 4500001001000000003001000010008004100020040002500061041001300086100002700099245001500126250001100141260006700152300002800219500026000247501011400507520026000621650003400881L235-8184IT-CnALBA170116s9999||||xx |||||||||||||| ||und|| aIT-CnALBAcIT-CnALBA aITALIANO aCUTTAZ FRANCOIS, MONS. 0aCOME LEI.  a1a ed. aCINISELLO BALSAMO (MI)bEDIZIONI PAOLINEc1962 [1° Ed.: n.d.] a244 p. (prefazione: 79) aTRADUZIONE DAL FRANCESE DI AMADEI C. IMITARE MARIA. VERGINE CREDENTE. FIDENTE. AMANTISSIMA. MADRE. SPOSA. VERGINE UMILISSIMA. OBBEDIENTE. SENZA PECCATO. ORANTE. RICONOSCENTE. FEDELE. PRUDENTE. FORTE. SILENZIOSA. CORAGGIOSA. ADDOLORATA. EROICA. CASTISSIMA. aSocietà San Paolo EM - Piazza San Paolo, 14 - 12051 ALBA (CN) (non commercial uses only) ® Copyright 2017 aTRADUZIONE DAL FRANCESE DI AMADEI C. IMITARE MARIA. VERGINE CREDENTE. FIDENTE. AMANTISSIMA. MADRE. SPOSA. VERGINE UMILISSIMA. OBBEDIENTE. SENZA PECCATO. ORANTE. RICONOSCENTE. FEDELE. PRUDENTE. FORTE. SILENZIOSA. CORAGGIOSA. ADDOLORATA. EROICA. CASTISSIMA. aMARIA SS. ANGELI SANTI DEMONI